| 000 | 00601nam a22001817a 4500 | ||
|---|---|---|---|
| 005 | 20251108172020.0 | ||
| 008 | 250721s9999 xx 000 0 ara d | ||
| 082 | 1 | 4 | _a362.85/محم |
| 100 | 1 | _aالتل، محمود فضل | |
| 245 | 1 | 0 | _aالخدمة الإجتماعية العمالية و مستوياتها العربية و الدولية / |
| 264 | 1 |
_aالكويت : _bمؤسسة الوحدة للنشر و التوزيع، |
|
| 300 | _a302ص | ||
| 650 | 1 | 7 | _aالخدمات الإجتماعية |
| 650 | 1 | 7 | _aالعمل |
| 650 | 1 | 7 | _aالعمال |
| 942 |
_2ddc _cBK |
||
| 999 |
_c68333 _d68333 |
||